No Firm is an Island? How Industry Conditions Shape Firms’ Expectation
Skúmanie, ako sú očakávania a správanie firiem ovplyvnené súhrnnými, ako aj špecifickými podmienkami odvetvia - prieskum medzi francúzskymi výrobnými firmami.
Gespeichert in:
| 1. Verfasser: | |
|---|---|
| Weitere Verfasser: | , , |
| Format: | Buchkapitel |
| Sprache: | Englisch |
| Schlagworte: | |
| Tags: |
Keine Tags, Fügen Sie das erste Tag hinzu!
|
MARC
| LEADER | 00000naa a2200000 4500 | ||
|---|---|---|---|
| 001 | 0282843 | ||
| 005 | 20220323125423.4 | ||
| 041 | 0 | |a eng | |
| 044 | |a NL | ||
| 245 | 1 | 0 | |a No Firm is an Island? How Industry Conditions Shape Firms’ Expectation |c Philippe Andrade, Olivier Coibion, Erwan Gautier, Yuriy Gorodnichenko |
| 520 | |a Skúmanie, ako sú očakávania a správanie firiem ovplyvnené súhrnnými, ako aj špecifickými podmienkami odvetvia - prieskum medzi francúzskymi výrobnými firmami. | ||
| 610 | 2 | 0 | |a firmy |
| 610 | 2 | 0 | |a priemysel |
| 610 | 2 | 0 | |a odvetvia priemyselné |
| 610 | 2 | 0 | |a rozhodovanie |
| 610 | 2 | 0 | |a analýzy |
| 610 | 2 | 0 | |a modely |
| 610 | 2 | 0 | |a prieskum |
| 100 | 1 | |a Andrade, Philippe | |
| 700 | 1 | |a Coibion, Olivier | |
| 700 | 1 | |a Gautier, Erwan | |
| 700 | 1 | |a Gorodnichenko, Yuriy | |